LEADER 01357nam 2200385Ia 450 001 996383882403316 005 20221108104656.0 035 $a(CKB)1000000000590653 035 $a(EEBO)2240869508 035 $a(OCoLC)64551726 035 $a(EXLCZ)991000000000590653 100 $a20060306f16741679 uy 0 101 0 $aeng 135 $aurbn||||a|bb| 200 00$aLoves mistress: or, Natures rarity$b[electronic resource] $eTo a most excellent delicious new tune called, Tell me ye wandering spirits in the air 210 $a[S.l.] $cPrinted for F. Coles, T. Vere, J. Wright, and J. Clarke$d[between 1674 and 1679] 215 $a1 sheet ([1] p. $cill. (woodcuts) 300 $aCaption title. 300 $aAttributed to S. S. Cf. Wing (2nd ed.). 300 $aImprint from colophon. 300 $aDate range of publication suggested by Wing (2nd ed.). 300 $aVerses in black letter, chorus in Roman. 300 $aReproduction of original in: Bodleian Library. 330 $aeebo-0014 606 $aBallads, English$y17th century 608 $aBroadsides$zEngland$y17th century.$2rbgenr 615 0$aBallads, English 700 $aS. S$01005771 801 0$bUMI 801 1$bUMI 801 2$bUMI 906 $aBOOK 912 $a996383882403316 996 $aLoves mistress: or, Natures rarity$92331610 997 $aUNISA LEADER 04860nam 2200733Ia 450 001 9910954521103321 005 20200520144314.0 010 $a9786612136405 010 $a9781282136403 010 $a1282136402 010 $a9780748630646 010 $a0748630643 024 7 $a10.1515/9780748630646 035 $a(CKB)1000000000766302 035 $a(EBL)448731 035 $a(OCoLC)430826264 035 $a(SSID)ssj0000397447 035 $a(PQKBManifestationID)11278435 035 $a(PQKBTitleCode)TC0000397447 035 $a(PQKBWorkID)10356498 035 $a(PQKB)11303620 035 $a(MiAaPQ)EBC1962027 035 $a(MiAaPQ)EBC448731 035 $a(Au-PeEL)EBL448731 035 $a(OCoLC)438706271 035 $a(DE-B1597)616425 035 $a(DE-B1597)9780748630646 035 $a(EXLCZ)991000000000766302 100 $a20070201d2007 uy 0 101 0 $aeng 135 $aur|n|---||||| 181 $ctxt 182 $cc 183 $acr 200 04$aThe Edinburgh history of Scottish literature$hVolume 2$iEnlightenment, Britain and Empire (1707-1918) /$fperiod editor, Susan Manning, general editor, Ian Brown 205 $a1st ed. 210 $aEdinburgh $cEdinburgh University Press$dc2007 215 $a1 online resource (401 p.) 225 1 $aEdinburgh History of Scottish Literature EUP 300 $aDescription based upon print version of record. 311 08$a9780748624812 311 08$a0748624813 320 $aIncludes bibliographical references and indexes. 327 $aCOVER; Copyright; Contents; Preface; 1 Scotland as North Britain: The Historical Background, 1707-1918; 2 A Nation Transformed: Scotland's Geography, 1707-1918; 3 Standards and Differences: Languages in Scotland, 1707-1918; 4 The International Reception and Literary Impact of Scottish Literature of the Period 1707-1918; 5 Post-Union Scotland and the Scottish Idiom of Britishness; 7 Hume and the Scottish Enlightenment; 8 Ramsay, Fergusson, Thomson, Davidson and Urban Poetry; 9 The Ossianic Revival, James Beattie and Primitivism; 10 Scottish-Irish Connections, 1707-1918 327 $a11 Scottish Song and the Jacobite Cause12 Alasdair mac Mhaighstir Alasdair and the New Gaelic Poetry; 13 Orality and Public Poetry; 14 Varieties of Public Performance: Folk Songs, Ballads, Popular Drama and Sermons; 15 Historiography, Biography and Identity; 16 Scotland's Literature of Empire and Emigration, 1707-1918; 17 Tobias Smollett; 18 Writing Scotland: Robert Burns; 19 Lord Byron; 20 Walter Scott; 21 Law Books, 1707-1918; 22 Periodicals, Encyclopaedias and Nineteenth-Century Literary Production; 23 Hogg, Galt, Scott and their Milieu 327 $a24 The Scottish Book Trade at Home and Abroad, 1707-191825 The National Drama, Joanna Baillie and the National Theatre; 26 The Literature of Industrialisation; 27 The Carlyles and Victorianism; 28 Gaelic Literature in the Nineteenth Century; 29 Nineteenth-Century Scottish Thought; 30 Travel Writing, 1707-1918; 31 'Half a trade and half an art': Adult and Juvenile Fiction in the Victorian Period; 32 Nineteenth-Century Scottish Poetry; 33 The Press, Newspaper Fiction and Literary Journalism, 1707-1918; 34 The Kailyard: Problem or Illusion?; 35 Robert Louis Stevenson; 36 J. M. Barrie 327 $a37 Patrick Geddes and the Celtic Revival38 The Collectors: John Francis Campbell and Alexander Carmichael; 39 Gaelic Literature and the Diaspora; 40 The Literature of Religious Revival and Disruption; Notes on Contributors - Volume Two; Index 330 $aThe Edinburgh History of Scottish Literature offers a major reinterpretation, re-evaluation and repositioning of the scope, nature and importance of Scottish Literature, arguably Scotland's most important and influential contribution to world culture. Drawing on the very best of recent scholarship, the History contributes a wide range of new and exciting insights. It takes full account of modern theory, but refuses to be in thrall to critical fashion. It is important not only for literary scholars, but because it changes the very way we think about what Scottishness is. 410 0$aEdinburgh History of Scottish Literature EUP 517 3 $aHistory of Scottish literature 606 $aEnglish literature$xScottish authors$xHistory and criticism 606 $aScottish literature$y18th century$xHistory and criticism 615 0$aEnglish literature$xScottish authors$xHistory and criticism. 615 0$aScottish literature$xHistory and criticism. 676 $a820.90009411 701 $aBrown$b Ian$f1951-$01788152 701 $aManning$b Susan$f1953-$01137345 801 0$bMiAaPQ 801 1$bMiAaPQ 801 2$bMiAaPQ 906 $aBOOK 912 $a9910954521103321 996 $aThe Edinburgh history of Scottish literature$94322858 997 $aUNINA LEADER 02026nas 2200601-a 450 001 9910895432203321 005 20260218110719.0 035 $a(OCoLC)219732383 035 $a(CKB)1000000000523241 035 $a(CONSER)--2009223943 035 $a(DE-599)ZDB2675744-8 035 $a(DE-599)2675744-8 035 $a(EXLCZ)991000000000523241 100 $a20080404a20039999 --- - 101 0 $aspa 181 $ctxt$2rdacontent 182 $cn$2rdamedia 183 $anc$2rdacarrier 200 00$aBoletín de malariología y salud ambiental 210 1$aMaracay, Aragua, Venezuela :$cInstituto de Altos Estudios "Dr. Arnoldo Gabaldon" 300 $a"Ciencias, físicas, biológicas, sociales." 311 08$a1690-4648 531 $aBOL MALARIOL SALUD AMBIENT 531 $aB MALARIOL SALUD AMB 531 $aBOL. MALAR. SALUD. AMBIENT 606 $aMalaria$zVenezuela$xPrevention$vPeriodicals 606 $aMalaria$xEnvironmental aspects$zVenezuela$vPeriodicals 606 $aPublic health$zVenezuela$vPeriodicals 606 $aMalaria 606 $aCulicidae 606 $aProtozoan Infections 606 $aMalaria$xEnvironmental aspects$2fast$3(OCoLC)fst01006349 606 $aMalaria$xPrevention$2fast$3(OCoLC)fst01006361 606 $aPublic health$2fast$3(OCoLC)fst01082238 607 $aVenezuela 607 $aVenezuela$2fast 608 $aPeriodical. 608 $aPeriodicals.$2fast 615 0$aMalaria$xPrevention 615 0$aMalaria$xEnvironmental aspects 615 0$aPublic health 615 12$aMalaria. 615 22$aCulicidae. 615 22$aProtozoan Infections. 615 7$aMalaria$xEnvironmental aspects. 615 7$aMalaria$xPrevention. 615 7$aPublic health. 712 02$aVenezuela.$bMinisterio del Poder Popular para la Salud. 712 02$aInstituto de Altos Estudios "Dr. Arnoldo Gabaldon". 906 $aJOURNAL 912 $a9910895432203321 996 $aBoleti?n de malariologi?a y salud ambiental$92195355 997 $aUNINA